000 00458nmm a2200157Ia 4500
008 251105s9999||||xx |||||||||||||||||und||
020 _a9781558852099
041 _aeng
100 _aDumas Lachtman, Ofelia
245 0 _aLeticia's Secret
264 _a[Washington, Estados Unidos] :
_bArte Público Press,
_c2017
300 _a128 páginas
650 _aNorth American narrative
856 _uhttps://public.digitaliapublishing.com/a/46207
942 _cCF
999 _c74668
_d74668